African foreign policy and diplomacy from antiquity to the 21st century / (Record no. 1304)

000 -LEADER
fixed length control field 00943cam a2200253 a 4500
001 - CONTROL NUMBER
control field 16179953
003 - CONTROL NUMBER IDENTIFIER
control field OSt
005 - DATE AND TIME OF LATEST TRANSACTION
control field 20140402144630.0
008 - FIXED-LENGTH DATA ELEMENTS--GENERAL INFORMATION
fixed length control field 100409s2010 caub b 001 0 eng
010 ## - LIBRARY OF CONGRESS CONTROL NUMBER
LC control number 2010015498
020 ## - INTERNATIONAL STANDARD BOOK NUMBER
International Standard Book Number 9780313379826 (hard copy : alk. paper)
020 ## - INTERNATIONAL STANDARD BOOK NUMBER
International Standard Book Number 0313379823 (hard copy : alk. paper)
035 ## - SYSTEM CONTROL NUMBER
System control number (OCoLC)ocn548555561
043 ## - GEOGRAPHIC AREA CODE
Geographic area code f------
050 00 - LIBRARY OF CONGRESS CALL NUMBER
Classification number DT31.D36 2010
100 1# - MAIN ENTRY--PERSONAL NAME
Personal name Don Nanjira, Daniel.
245 10 - TITLE STATEMENT
Title African foreign policy and diplomacy from antiquity to the 21st century /
Statement of responsibility, etc Daniel Don Nanjira.
260 ## - PUBLICATION, DISTRIBUTION, ETC. (IMPRINT)
Place of publication, distribution, etc Santa Barbara, Calif. :
Name of publisher, distributor, etc Praeger Security International,
Date of publication, distribution, etc c2010.
300 ## - PHYSICAL DESCRIPTION
Extent 2 v. (xii, 531 p.) :
Other physical details maps ;
Dimensions 25 cm.
504 ## - BIBLIOGRAPHY, ETC. NOTE
Bibliography, etc Includes bibliographical references and index.
651 #0 - SUBJECT ADDED ENTRY--GEOGRAPHIC NAME
Geographic name Africa
General subdivision Foreign relations.
942 ## - ADDED ENTRY ELEMENTS (KOHA)
Source of classification or shelving scheme
Koha item type Book
Holdings
Withdrawn status Lost status Source of classification or shelving scheme Damaged status Not for loan Home library Current library Date acquired Total Checkouts Full call number Barcode Date last seen Date checked out Copy number Price effective from Koha item type Shelving location
          Riara University Library Riara University Library 02/04/2014 3 DT31.D36 2010 V.1 4664/14 13/07/2015 25/06/2015 C.1 02/04/2014 Book  
          Riara University Library Riara University Library 02/04/2014 8 DT31.D36 2010 V.1 4665/14 27/09/2018 11/09/2018 C.2 02/04/2014 Book  
          Riara University Library Riara University Library 02/04/2014 8 DT31.D36 2010 V.1 4666/14 17/05/2017 17/05/2017 C.3 02/04/2014 Book  
          Riara University Library Riara University Library 02/04/2014 2 DT31.D36 2010 V.1 4667/14 27/07/2015 29/06/2015 C.4 02/04/2014 Book  
          Riara University Library Riara University Library 02/04/2014 4 DT31.D36 2010 V.2 4670/14 20/05/2015 04/11/2014 C.1 02/04/2014 Book  
          Riara University Library Riara University Library 02/04/2014 4 DT31.D36 2010 V.2 4671/14 11/04/2016 21/03/2016 C.2 02/04/2014 Book  
          Riara University Library Riara University Library 02/04/2014 10 DT31.D36 2010 V.2 4668/14 06/02/2018 12/01/2018 C.3 02/04/2014 Book  
          Riara University Library Riara University Library 02/04/2014 8 DT31.D36 2010 V.2 4669/14 09/06/2017 16/05/2017 C.4 02/04/2014 Book  
          Riara University Library Riara University Library 02/11/2014 2 DT31.D36 2010 V.1 5052/14 12/11/2015 10/11/2015 C.5 02/11/2014 Book General stack
          Riara University Library Riara University Library 02/11/2014 4 DT31.D36 2010 V.2 5053/14 04/06/2025 06/05/2025 C.6 02/11/2014 Book General stack

Riara University Library,
P.O. Box 49940-00100,
Nairobi, Kenya.